Les Tunisiennes - التونسيّات - Tunisian Women (notice n° 9633)
[ vue normale ]
| 000 -Label | |
|---|---|
| leader | 00712nam a2200193 4500 |
| 010 ## - ISBN | |
| ISBN | 9973-931-13-0 |
| 099 ## - Informations locales | |
| Type de document | Livre |
| 100 ## - Données générales de traitement | |
| a | 20260421d u||y0frey5050 ba |
| 101 ## - Langue | |
| langue document | arabe |
| -- | français |
| -- | anglais |
| 102 ## - Pays d'édition ou de production | |
| pays d'édition | Tunisie |
| 200 ## - Titre | |
| titre propre | Les Tunisiennes - التونسيّات - Tunisian Women |
| type de document | Livre |
| auteur | CREDIF الكريديف |
| 210 ## - Editeur | |
| lieu de publication | Tunis |
| nom de l'éditeur | Cérès Promotions |
| date de publication | Aout 1995 |
| 215 ## - Description | |
| Importance matérielle | 55 p. |
| autres carac. | couv.coul. |
| format | 26.5 x 21 |
| 606 ## - sujets | |
| sujet | La femme tunisienne |
| subdiv. sujet | La femme tunisienne et la société |
| -- | La femme tunisienne et l'Histoire |
| -- | Le statut des femmes |
| -- | La condition des femmes |
| subdiv. géo. | Tunisie |
| koha internal code | 26711 |
| 710 ## - auteur | |
| élément d'entrée | CREDIF الكريديف |
| Champ interne Koha | 26712 |
| 801 ## - source de catalogage | |
| pays | TN |
| agence de catalogage | 32BIS |
| date de la transaction | 20260421 |
| règles de catalogage utilisées | UNIMARC |
| 830 ## - note | |
| catalogeur | ABA |
| Propriétaire | Dépositaire | Localisation | Code barre | Numéro Inventaire | Cote | Note | Statut |
|---|---|---|---|---|---|---|---|
| The 32bis Library | The 32bis Library | Salle de lecture 32BIS | 007451 | 7367 | 305.4 CRE | Dépôt MAB | Consultable sur place |